José Ortega y Gasset 1883-1955: vida y filosofía
Сохранить в:
| Главный автор: | |
|---|---|
| Формат: | |
| Язык: | испанский |
| Опубликовано: |
Madrid
Biblioteca Nueva
2003
Madrid Fundación José Ortega y Gasset 2003 |
| Серии: | Los Papeles de la Ortega, 2
|
| Предметы: | |
| Метки: |
Добавить метку
Нет меток, Требуется 1-ая метка записи!
|
MARC
| LEADER | 00000nam a2200000 a 4500 | ||
|---|---|---|---|
| 001 | UCK4677 | ||
| 003 | CL-VaPUC | ||
| 008 | 050617e20030000sp |||||||||||||||||spa|d | ||
| 020 | |a 8497422104 | ||
| 082 | 0 | 4 | |a 196.1 |b LAS |2 21 |
| 100 | 0 | |a Lasaga Medina, José |e author |9 493269 | |
| 245 | 1 | 0 | |a José Ortega y Gasset 1883-1955: vida y filosofía |
| 300 | |a 196 p | ||
| 942 | |c BK | ||
| 945 | |d 20050617 00:00:00 |a cmena | ||
| 260 | |a Madrid |b Biblioteca Nueva |c 2003 | ||
| 260 | |a Madrid |b Fundación José Ortega y Gasset |c 2003 | ||
| 650 | 0 | |a Filosofía española |9 254895 | |
| 650 | 0 | |a Crítica e interpretación |9 255042 | |
| 650 | 0 | |a Biografías |9 255210 | |
| 583 | |a last modification |c 20171005 11:26:30 |k Rodrigo Vera | ||
| 490 | 0 | |a Los Papeles de la Ortega, 2 | |
| 999 | |c 313494 |d 313492 | ||
| 952 | |0 0 |1 0 |4 0 |6 196_100000000000000_LAS_2003_2003 |7 0 |8 A |9 384878 |a BIBEDU |b BIBEDU |d 2019-11-22 |i 4138171 |o 196.1 LAS 2003 2003 |p 4138171 |r 2019-11-22 |w 2019-11-22 |y BK |k FIL | ||